000 00963nas a2200301 4500
001 BR2017003012
003 BR-BrBNA
005 20231205131131.0
007 ta
008 230509b bl.|||p| |||| 00| 00por d
040 _aBR-BrBNA
_bpor
_cBiblioteca Nacional de Agricultura
041 _a(En)
072 _aF04; P33
100 1 _aSá, J.M. e
100 1 _aJantalia, C.P.
100 1 _aTeixeira, P.C.
100 1 _aPolidoro, J.C.
100 1 _aBenites, V. de M.
100 1 _aAraújo, A.P.
245 1 _aAgronomic and P recovery efficiency of organomineral phosphate fertilizer from poutry litter in sandy and clayey soils
650 _aMILHO
650 _aANÁLISE DO SOLO
650 _aFERTILIZANTE FOSFATADO
650 _aABSORÇÃO DE NUTRIENTES
773 0 _tPesquisa Agropecuária Brasileira (Brazil)
_xISSN 0100-204X
_g(Sep 2017), v. 52(9) p. 786-793
_wBR2017003012
909 _a202311
_bLúcia
_c55
_dLúcia Elande
942 _2AGRIS
_n0
_cANA
999 _c253194
_d253194